000 00813nam0a22002651 4500
001 rc\4274339
005 20250611144656.0
021 _aRU
_b[64-101048]
035 _a(NLR Aleph) 008242485
090 _a8286243
_c8286243
100 _a20130416d1964 |||y0rusy50 ca
101 0 _arus
102 _aRU
105 _aa z |||a|
200 1 _aДомик с колоннами
_e[Рассказы]
_fРис. Б. Савкова
210 _aМосква
_cПравда
_d1964
215 _a64 с.
_cил.
_d16
225 1 _aБиблиотека "Крокодила"
_v№ 32 [409]
700 1 _aБухов
_bА.С.
_f1889-1937
_gАркадий Сергеевич
702 1 _aСавков
_bБ.
_4440
801 0 _aRU
_bNLR
_gpsbo
801 1 _aRU
_bELAR
_2rusmarc
852 _aNLR
_j64-2/3724
942 _cBOOK
980 _aNB